Questioning Movie Quotes? Quiz Stats

 Plays Quiz Updated Dec 20, 2015

Challenge
Share
Tweet
Embed
Score 0/20 Timer 04:00
4 Plays Today
% Correct
Fight Club
91.2%
The Shawshank Redemption
91.2%
The Graduate
88.4%
Dirty Harry
88%
The Devil Wears Prada
80.1%
The Wizard of Oz
77.9%
Austin Powers
73.4%
Pulp Fiction
72.3%
Quiz Show
71%
Gladiator
70.9%
% Correct
Monty Python and the Holy Grail
64.4%
Alien
63.8%
Batman
61.6%
Speed
58.6%
Jurassic Park
55%
Léon: The Professional
51.5%
The Godfather
51.1%
Ghostbusters
41.4%
The Fifth Element
35.1%
Marathon Man
27.4%

You're not logged in!

Compare scores with friends on all Sporcle quizzes.
OR
Log In

You Might Also Like...

Show Comments

Extras

Top Quizzes Today


Score Distribution

Your Account Isn't Verified!

In order to create a playlist on Sporcle, you need to verify the email address you used during registration. Go to your Sporcle Settings to finish the process.

Report this User

Report this user for behavior that violates our Community Guidelines.

Details: